• 首页
  • 本馆介绍
  • 公告通知
  • 最新文献
  • 馆藏检索
  • 电子资源
  • 读者导购
  • 参考咨询
  • 我的图书馆
  • 登录
  • 详细信息显示
  • 放入我的书架
  • 预约/预借图书
  • 作者相关作品
  • 分类相关作品
  • 丛书相关作品
  • 出版社相关作品

书目信息

  • 表格格式
  • 工作单格式
  • 卡片格式
题名:
分析仪器与仪器分析概论
    
 
作者: 邓勃 , 王庚辰 , 汪正范 编著
分册:  
出版信息: 北京   化学工业出版社  2005
页数: 301页
开本: 24cm
丛书名: 分析仪器使用与维护丛书
单 册:
中图分类: TH83
科图分类:
主题词: 分析仪器--概论 , 仪器分析--概论 , 分析仪器 , 仪器分析
电子资源:
ISBN: 7-5025-6929-4
000 01079oam2 2200313 450
001 012007227189
005 20070523090340.81
010    @a7-5025-6929-4@b精装@dCNY38.00
100    @a20070515d2005 km y0chiy0120 ea
101 0  @achi
102    @aCN@b110000
105    @aa z 000yy
106    @ar
200 1  @a分析仪器与仪器分析概论@Afen xi yi qi yu yi qi fen xi gai lun@f邓勃,王庚辰,汪正范编著@Fdeng bo,wang geng chen,wang zheng fan bian zhu
210    @a北京@c化学工业出版社@d2005
215    @a301页@c图@d24cm
225 2  @a分析仪器使用与维护丛书
330    @a本书介绍了各种常用分析仪器的原理和应用领域,分析仪器的性能指标及评价、检定方法,分析仪器选购和配置,分析仪器实验室的建设和管理。
461  0 @12001 @a分析仪器使用与维护丛书
606 0  @a分析仪器@x概论
606 0  @a仪器分析@x概论
606 0  @a分析仪器
606 0  @a仪器分析
690    @aTH83@v4
701  0 @a邓勃@Adeng bo@c(分析化学)@4编著
701  0 @a王庚辰@Awang geng chen@c(化学仪器)@4编著
701  0 @a汪正范@Awang zheng fan@4编著
801  0 @aCN@bRULIN@c20070523
905    @dTH83@e19@s8
    
    分析仪器与仪器分析概论/邓勃,王庚辰,汪正范编著.-北京:化学工业出版社,2005
    301页:图;24cm.-(分析仪器使用与维护丛书)
    
    
    ISBN 7-5025-6929-4(精装):CNY38.00
    本书介绍了各种常用分析仪器的原理和应用领域,分析仪器的性能指标及评价、检定方法,分析仪器选购和配置,分析仪器实验室的建设和管理。
●
相关链接 在E读中查询图书 在五车中查询图书 在当当中查询图书 在豆瓣中查询图书


正题名:分析仪器与仪器分析概论     索取号:TH83/19         预约/预借

序号 登录号 条形码 馆藏地/架位号 状态 备注
1 0577155   205771556   第二样本阅览室/ [索取号:TH83/19] 在馆    
2 0577156   205771565   密集书库/ [索取号:TH83/19] 在馆    
3 0577157   205771574   第三借阅区/ [索取号:TH83/19] 在馆    
4 0577158   205771583   第三借阅区/ [索取号:TH83/19] 在馆    
5 0577159   205771592   密集书库/ [索取号:TH83/19] 在馆    
6 0577160   205771609   密集书库/ [索取号:TH83/19] 在馆    
7 0577161   205771618   密集书库/ [索取号:TH83/19] 在馆    
8 0577162   205771627   密集书库/ [索取号:TH83/19] 在馆    
唐山师范学院图书馆 欢迎您!
大连网信软件有限公司© 版权所有